Sports Quiz

Random Sports or Century Quiz

21st Century Leafs Quiz Stats

 Plays Quiz not verified by Sporcle

Challenge
Share
Tweet
Embed
Score 0/156 Timer 15:00
0 Plays Today
Games (before 2009-2010 season) Player % Correct
1058Mats Sundin
100%
815Tomas Kaberle
96.7%
445Doug Gilmour
93.4%
574Bryan McCabe
92.3%
330Curtis Joseph
91.8%
393Matt Stajan
88.5%
119Vesa Toskala
88.5%
589Darcy Tucker
88%
537Nik Antropov
88%
863Tie Domi
86.9%
687Wendel Clark
86.9%
439Alexei Ponikarovsky
86.9%
170Ed Belfour
84.7%
287Gary Roberts
83.6%
215Alexander Mogilny
82.5%
0Mike Komisarek
82.5%
91Andrew Raycroft
81.4%
28Brian Leetch
80.9%
0Jonas Gustavsson
79.2%
253Alex Steen
78.7%
240Ian White
78.7%
160Jason Blake
77.6%
0Phil Kessel
77%
73Nikolai Kulemin
76.5%
374Jonas Hoglund
76%
0Colton Orr
75.4%
373Aki Berg
74.3%
440Steve Thomas
73.8%
209Mikael Renberg
72.7%
78Mikhail Grabovski
72.7%
71Jamal Mayers
72.7%
65Niklas Hagman
72.1%
265Robert Reichel
71.6%
229Shayne Corson
71.6%
38Brad May
71.6%
111Carlo Colaiacovo
71%
0Viktor Stalberg
71%
73Joe Nieuwendyk
70.5%
70Luke Schenn
70.5%
550Dmitri Yushkevich
69.9%
61Lee Stempniak
69.9%
12Ron Francis
69.9%
397Sergei Berezin
69.4%
243Mike Johnson
69.4%
10Craig Johnson
69.4%
79Owen Nolan
68.9%
66Jeff Finger
68.9%
33Eric Lindros
68.9%
72Jiri Tlusty
68.3%
7Justin Pogge
68.3%
1Phil Housley
67.2%
0Tyler Bozak
67.2%
Games (before 2009-2010 season) Player % Correct
215Pavel Kubina
66.7%
340Wade Belak
66.1%
66Jason Allison
66.1%
11D.J. Smith
65%
197Cory Cross
64.5%
205Travis Green
63.9%
34Trevor Kidd
63.9%
5Christian Hanson
63.4%
332Garry Valk
62.8%
41Mikael Tellqvist
62.8%
0Joey MacDonald
62.8%
31Jeremy Williams
62.3%
0Garnet Exelby
62.3%
339Alyn McCauley
60.7%
189Kyle Wellwood
60.7%
31Jean-Sebastien Aubin
60.7%
145Hal Gill
60.1%
66Glenn Healy
59.6%
206Kris King
58.5%
177Derek King
58.5%
32Brendan Bell
58.5%
145Jyrki Lumme
57.4%
76John Mitchell
57.4%
52Ben Ondrus
57.4%
31Corey Schwab
57.4%
176Yanic Perreault
56.3%
101Dominic Moore
56.3%
240Danny Markov
55.2%
133Drake Berehowsky
55.2%
0Francois Beachemin
55.2%
118Boyd Devereaux
54.6%
89Robert Svehla
53%
12Martin Gerber
53%
0Wayne Primeau
53%
321Igor Korolev
52.5%
148Jeff O'Neill
52.5%
102Karel Pilar
52.5%
20Jay Harrison
52.5%
12Glen Wesley
52.5%
1Sebastien Centomo
52.5%
306Luke Richardson
51.9%
119Bryan Berard
51.4%
3Scott Clemmensen
51.4%
92Dmitri Khristich
50.8%
41Jonas Frogren
50.8%
0Rickard Wallin
50.3%
89Dave Manson
49.7%
21Andre Deveaux
49.7%
25Ryan Hollweg
49.2%
232Chad Kilger
48.6%
111Sylvain Côté
47.5%
27Mike Van Ryn
47.5%
Games (before 2009-2010 season) Player % Correct
4Tom Barrasso
47%
88Anton Stralman
45.9%
0Jay Rosehill
45.9%
43Nathan Perrott
44.8%
133Ken Klee
44.3%
21Adam Mair
44.3%
150Alexander Karpovtsev
43.7%
4Tim Stapleton
43.2%
167Steve Sullivan
42.1%
95Bates Battaglia
42.1%
9Robbie Earl
42.1%
152Thomas Fitzgerald
41.5%
114John Pohl
41.5%
44Kris Newbury
41.5%
1Brad Leeb
41.5%
88Bryan Marchment
41%
10Phil Oreskovic
40.4%
64Alexander Khavanov
39.9%
35Mike Peca
39.9%
2Marc Moro
39.9%
87Paul Healey
39.3%
268Todd Warriner
38.3%
12Greg Andrusak
37.7%
8Calle Johansson
37.7%
52Staffan Kronwall
36.1%
75Clarke Wilm
35.5%
16Alexander Suglobov
35.5%
23Jaime Sifers
35%
76Andy Wozniewski
33.9%
54Nathan Dempsey
33.9%
14Harold Druken
33.9%
15Jeff Hamilton
33.3%
1Darryl Boyce
33.3%
48Anders Eriksson
32.2%
13Jeff Farkas
31.1%
19Mariusz Czerkawski
30.1%
18Petr Svoboda
30.1%
36Gerald Diduck
29.5%
62Chris McAllister
29%
5Aaron Gavey
29%
2Dmitri Yakushin
28.4%
6Josh Holden
27.9%
2Bob Wren
27.9%
30David Cooper
27.3%
7Maxim Kondratiev
26.8%
3Alex Foster
25.1%
77Kevyn Adams
24.6%
71Richard Jackman
23.5%
6Donald MacLean
22.4%
3Pierre Hedin
21.9%
11Simon Gamache
21.3%
2Erik Westrum
20.2%

You're not logged in!

Compare scores with friends on all Sporcle quizzes.
Join for Free
OR
Log In

You Might Also Like...

Show Comments

Extras

Top Quizzes Today


Score Distribution

Your Account Isn't Verified!

In order to create a playlist on Sporcle, you need to verify the email address you used during registration. Go to your Sporcle Settings to finish the process.

Report this User

Report this user for behavior that violates our Community Guidelines.

Details: